| 000 | 00634nam a2200181 4500 | ||
|---|---|---|---|
| 008 | 160707b xxu||||| |||| 00| 0 eng d | ||
| 020 | _a9812471316 | ||
| 082 |
_22004 _aDC 610.73076 _bL54m |
||
| 100 |
_910988 _aLemone, Priscilla |
||
| 245 |
_aMedical surgical nursing : _bcritical thinking in client care, Volume 2/ _cPriscilla Lemone and Karen Burke. |
||
| 250 | _a3rd Edition | ||
| 260 |
_aNew Jersey: _bPearson Prentice Hall, _cc2004. |
||
| 300 |
_axlv, 1632+various paging: _billustrations; _c26 cm. |
||
| 500 | _aIncludes index. | ||
| 650 | 0 |
_910991 _aSurgical nursing |
|
| 700 |
_910992 _aBurke, Karen |
||
| 942 |
_2ddc _cDC |
||
| 999 |
_c3295 _d3295 |
||